The Belize Quiz - Statistics

General Stats
  • This quiz has been taken 74 times
  • The average score is 8 of 15
Answer Stats
Hint Answer % Correct
Official language English
95%
Bordering countries Guatemala
93%
Bordering countries Mexico
93%
Largest cities Belmopan
90%
Largest cities Belize City
85%
Famous underwater sinkhole The Blue Hole
66%
Largest cities San Ignacio
39%
Popular island among backpackers Caye Caulker
32%
Belize also has a population of... German {mennonites}
31%
Main ethnic group Mestizos
31%
San Pedro is on this island Ambergris Caye
27%
Popular breakfast item Fryjacks
24%
Ethnic group mainly based in Hopkins Garifuna
24%
National motto (English version) Under the {shade} I flourish
24%
Jaguar preservation site Cockscomb Basin
22%
No matching quizzes found
Score Distribution
Percent of People with Each Score
Percentile by Number Answered
Your Score History
You have not taken this quiz